BIBLIOTHÈQUE DE LA MAISON DU MEXIQUE

Logo 1 Logo 2

Me voy pa'Pensilvania por no andar en la vagancia (notice nᵒ 1756)

détails MARC
000 -Sello discográfico
campo de control de longitud fija 01238nam a2200349 4500
005 - Identificación de versión
campo de control 20251016083109.0
010 ## - Número Estándar Internacional de Libros (ISBN)
Número (ISBN) 968-29-8288-X
035 ## - Otros números de control del sistema
Número de control del sistema 22255
099 ## - fechas locales
Tipo de ítem Koha LIBRO
100 ## - Datos de procesamiento general
Datos de procesamiento general 19970605d1996 m y1spay5003 ba
101 1# - Idioma del recurso
Idioma del texto, banda sonora, etc. Español; Castellano
Idioma de la obra original Inglés
105 ## - Campo de datos codificados: Material textual, monográfico
Datos codificados de monografía y 001zy
200 1# - Título y mención de responsabilidad
Título propio Me voy pa'Pensilvania por no andar en la vagancia
Designación general del material texto impreso
Otra información del título los ferrocarrileros mexicanos en Estados Unidos durante la segunda guerra mundial
Primer mención de responsabilidad Bárbara Driscoll
Declaración de responsabilidad subsiguiente traducción Lauro Medina
205 ## - Declaración de edición
Declaración de edición 1a ed
210 ## - Publicación, distribución, etc.
Lugar de publicación, distribución, etc. México
Nombre del editor, distribuidor, etc. Consejo Nacional para la Cultura y las Artes
Fecha de publicación, distribución, etc. 1996
215 ## - Descripción física
Designación de material específico y extensión del ítem 278 p
Dimensiones 21 cm
345 ## - Nota de información de adquisición
Fuente de adquisición/dirección de la suscripción [OBSOLETO] Donación del CNCA
410 #1 - Series
Título Regiones
454 #1 - Traducción de
Título Mexican Railroad Workers in the United States During World War II
606 ## - Término temático usado como materia
Elemento de entrada Trabajo extranjero mexicano
Subdivisión geográfica Estados Unidos
Número Koha 4350
607 ## - Nombre geográfico utilizado como tema
Elemento de entrada México
Subdivisión temática Emigración e inmigración
Subdivisión cronológica 1939-1945
Número Koha 4351
660 ## - Código de área geográfica
Código MX
700 ## - Nombre personal - Responsabilidad primaria
Elemento de entrada Driscoll
Parte del nombre distinta del elemento de entrada Bárbara
Número Koha 4352
702 ## - Nombre personal - Responsabilidad secundaria
Elemento de entrada Medina
Parte del nombre distinta del elemento de entrada Lauro
Número Koha 4353
801 #0 - Fuente de origen
Agencia cm
900 ## -
-- 1/14174
900 ## -
-- 710973658\\050697
942 ## - ELEMENTOS DE ENTRADA SECUNDARIOS (KOHA)
Tipo de ítem Koha Livre
996 ## -
-- MEX
-- 751145101
-- MMAG
-- 005221
-- 917.2 R336 V.22
-- 20210720LIV
Exemplaires
Estatus retirado Estado de daño Estado de pérdida Fecha de adquisición Biblioteca de origen Biblioteca actual Ubicación en estantería Código de barras Precio de reemplazo Signatura topográfica completa No para préstamo Tipo de ítem Koha Nota pública Nota no pública
      05/08/2025 Casa México Paris Casa México Paris   005221 05/08/2025 917.2 R336 V.22   Livre 20210720LIV 751145101